[Event "CHI-ch sf"]
[Site "Vina del Mar"]
[Date "2022.02.12"]
[Round "7"]
[White "Larrain Cortes, Cristian"]
[Black "Lemus Pena, Sebastian"]
[Result "1/2-1/2"]
[WhiteElo "2114"]
[BlackElo "1612"]
[PlyCount "49"]
[EventDate "2022.02.08"]
[EventType "swiss"]
[EventRounds "8"]
[EventCountry "CHI"]
[SourceTitle "CBM 207 Extra"]
[Source "ChessBase"]
[SourceDate "2022.05.31"]
[SourceVersion "1"]
[SourceVersionDate "2022.05.31"]
[SourceQuality "1"]

1. e4 g6 2. g3 Bg7 3. Bg2 e6 4. Nc3 d6 5. d4 Ne7 6. Be3 Nd7 7. Qd2 0-0 8. h4 Nf6 9. Bh6 e5 10. Bxg7 Kxg7 11. d5 h5 12. Bh3 Bxh3 13. Nxh3 Qd7 14. f3 b5 15. Nd1 c6 16. dxc6 Nxc6 17. Ne3 Nd4 18. Kf2 d5 19. Ng5 dxe4 20. c3 Nxf3 21. Qxd7 Nxd7 22. Nxe4 f5 23. Rad1 fxe4 24. Rxd7+ Kh6 25. Ke2 1/2-1/2

[Event "Santiago de Chile Nunoa CC IRT 1"]
[Site "Santiago de Chile"]
[Date "2012.07.06"]
[Round "2"]
[White "Tomka, Damir"]
[Black "Larrain Cortes, Cristian"]
[Result "0-1"]
[WhiteElo "2032"]
[BlackElo "2079"]
[PlyCount "84"]
[EventDate "2012.07.03"]
[EventType "tourn"]
[EventRounds "7"]
[EventCountry "CHI"]
[SourceTitle "EXT 2013"]
[Source "ChessBase"]
[SourceDate "2012.11.22"]
[SourceVersion "1"]
[SourceVersionDate "2012.11.22"]
[SourceQuality "1"]

1. c4 Nf6 2. Nc3 d6 3. g3 g6 4. Bg2 Bg7 5. d4 0-0 6. Nf3 Nc6 7. 0-0 Bg4 8. h3 Bxf3 9. Bxf3 Nd7 10. e3 Na5 11. Qa4 c5 12. d5 Bxc3 13. bxc3 a6 14. Kg2 Qc7 15. e4 Rfb8 16. Rb1 Ne5 17. Be2 Naxc4 18. f4 b5 19. Qc2 Nd7 20. h4 h5 21. g4 Nf6 22. g5 Nd7 23. Qd1 Qa5 24. Bxh5 Qxa2+ 25. Be2 Qxb1 26. Bd3 Qa1 27. Qg4 Qxc1 28. Bxc4 Qc2+ 29. Be2 Qxe4+ 30. Bf3 Qf5 31. Qg3 Nb6 32. Re1 Qc2+ 33. Re2 Qxc3 34. h5 Nc4 35. hxg6 fxg6 36. Rxe7 Ne3+ 37. Kf2 Nf5 38. Qh3 Qd4+ 39. Kg2 Nxe7 40. Qe6+ Kf8 41. f5 Nxf5 42. Qxg6 Nh4+ 0-1

[Event "Santiago Endesa 12"]
[Site "Santiago de Chile"]
[Date "2009.07.10"]
[Round "5"]
[White "Larrain Cortes, Cristian"]
[Black "Gonzalez Alvarez, Jose"]
[Result "0-1"]
[WhiteElo "1993"]
[BlackElo "2089"]
[PlyCount "79"]
[EventDate "2009.07.01"]
[EventType "tourn"]
[EventRounds "11"]
[EventCountry "CHI"]
[SourceTitle "EXT 2012"]
[Source "ChessBase"]
[SourceDate "2011.11.24"]
[SourceVersion "1"]
[SourceVersionDate "2011.11.24"]
[SourceQuality "1"]

1. e4 c5 2. Nf3 d6 3. g3 Nc6 4. Bg2 g6 5. 0-0 Bg7 6. c3 e5 7. d3 Nge7 8. Be3 Bg4 9. h3 Bxf3 10. Bxf3 0-0 11. Bg2 Kh8 12. Nd2 Rc8 13. f4 f5 14. Nf3 b6 15. Ng5 Qd7 16. Qb3 d5 17. Qa4 h6 18. Nf3 dxe4 19. dxe4 Qd3 20. Rfe1 Qxe4 21. Qa3 Qc4 22. Nxe5 Nxe5 23. fxe5 a5 24. b4 cxb4 25. cxb4 Qxb4 26. Qxb4 axb4 27. Bxb6 Nc6 28. Rab1 Nxe5 29. Bd4 Nf3+ 30. Bxf3 Bxd4+ 31. Kg2 Rc2+ 32. Re2 Rxe2+ 33. Bxe2 Bc3 34. Rd1 Re8 35. Kf3 Re7 36. Bb5 Kg7 37. Rd7 Rxd7 38. Bxd7 Kf6 39. h4 h5 40. Be8 0-1

[Event "Santiago Endesa 12"]
[Site "Santiago de Chile"]
[Date "2009.07.06"]
[Round "3"]
[White "Larrain Cortes, Cristian"]
[Black "Escudero Donoso, Felipe"]
[Result "1-0"]
[WhiteElo "1993"]
[BlackElo "2094"]
[PlyCount "59"]
[EventDate "2009.07.01"]
[EventType "tourn"]
[EventRounds "11"]
[EventCountry "CHI"]
[SourceTitle "EXT 2012"]
[Source "ChessBase"]
[SourceDate "2011.11.24"]
[SourceVersion "1"]
[SourceVersionDate "2011.11.24"]
[SourceQuality "1"]

1. e4 e6 2. d3 d5 3. Nd2 Nf6 4. Ngf3 dxe4 5. dxe4 Bc5 6. Be2 0-0 7. 0-0 Nc6 8. e5 Nd7 9. Ne4 Be7 10. Bf4 b6 11. c3 Nc5 12. Qc2 Bb7 13. Rad1 Qc8 14. Nfg5 g6 15. b4 Nd7 16. Bc4 Bxg5 17. Nxg5 Ndxe5 18. Bb3 h6 19. Nxe6 fxe6 20. Bxe5 Nxe5 21. Rfe1 Rf6 22. Rxe5 Qe8 23. Rde1 Qc6 24. f3 Bc8 25. Rxe6 Bxe6 26. Rxe6 Rxe6 27. Qxg6+ Kf8 28. Bxe6 Ke7 29. Qf7+ Kd6 30. Qf6 1-0

[Event "Santiago Endesa 07"]
[Site "Santiago de Chile"]
[Date "2007.07.??"]
[Round "2"]
[White "Caceres Vasquez, Sergio"]
[Black "Larrain Cortes, Cristian"]
[Result "1/2-1/2"]
[WhiteElo "2179"]
[BlackElo "1964"]
[PlyCount "71"]
[EventDate "2007.07.??"]
[EventType "tourn"]
[EventRounds "9"]
[EventCountry "CHI"]
[SourceTitle "EXT 2008"]
[Source "ChessBase"]
[SourceDate "2007.11.25"]
[SourceVersion "1"]
[SourceVersionDate "2007.11.25"]
[SourceQuality "1"]

1. d4 Nf6 2. c4 g6 3. Nc3 Bg7 4. e4 0-0 5. Nf3 d6 6. Be2 e5 7. 0-0 Nc6 8. d5 Ne7 9. Ne1 Ne8 10. f3 f5 11. g4 fxg4 12. fxg4 Rxf1+ 13. Kxf1 c5 14. Nd3 h6 15. h4 Bd7 16. Kg2 Nc7 17. Nf2 Qe8 18. a4 a6 19. Be3 Rb8 20. Qb3 b6 21. Qa3 a5 22. Nb5 Nxb5 23. cxb5 Kh7 24. Rh1 Qg8 25. Qd3 Rf8 26. Qd1 Be8 27. g5 h5 28. b3 Bf7 29. Bc4 Be8 30. Rf1 Bd7 31. Be2 Be8 32. Nh1 Rxf1 33. Bxf1 Bd7 34. Be2 Qf7 35. Ng3 Kg8 36. Qf1 1/2-1/2

[Event "Santiago Endesa 07"]
[Site "Santiago de Chile"]
[Date "2007.07.??"]
[Round "1"]
[White "Larrain Cortes, Cristian"]
[Black "Carrasco Miranda, Andres"]
[Result "0-1"]
[WhiteElo "1964"]
[BlackElo "2123"]
[PlyCount "112"]
[EventDate "2007.07.??"]
[EventType "tourn"]
[EventRounds "9"]
[EventCountry "CHI"]
[SourceTitle "EXT 2008"]
[Source "ChessBase"]
[SourceDate "2007.11.25"]
[SourceVersion "1"]
[SourceVersionDate "2007.11.25"]
[SourceQuality "1"]

1. Nf3 Nf6 2. g3 g6 3. Bg2 Bg7 4. 0-0 0-0 5. d3 d6 6. e4 e5 7. c3 Re8 8. b4 h6 9. Bb2 Nbd7 10. Bh3 Nf8 11. Bxc8 Qxc8 12. Nh4 a5 13. a4 d5 14. Nd2 Rd8 15. Qe2 N8h7 16. f3 Qe6 17. Kh1 Qd7 18. Nb3 b6 19. b5 dxe4 20. dxe4 Qd3 21. Qxd3 Rxd3 22. Rad1 Rad8 23. Rxd3 Rxd3 24. Kg2 Ng5 25. Kf2 Ne6 26. Ke2 Rd7 27. Ba3 Bf8 28. Bxf8 Kxf8 29. Ng2 Rd8 30. Ne3 Nd7 31. Rd1 Ke8 32. Nd5 Rc8 33. f4 Ndc5 34. Nxc5 Nxc5 35. Nf6+ Ke7 36. fxe5 Nxa4 37. Nd5+ Ke6 38. Rf1 Kxe5 39. Rxf7 Kxe4 40. c4 Kd4 41. Rf4+ Ke5 42. Ne7 g5 43. Nc6+ Ke6 44. Re4+ Kd6 45. Rd4+ Ke6 46. Re4+ Kf6 47. Kd2 Nc5 48. Re7 Rd8+ 49. Kc3 Rd7 50. Re3 Rd1 51. Re2 Rc1+ 52. Kd4 a4 53. Rf2+ Kg6 54. Ne5+ Kh5 55. Rf6 Rd1+ 56. Ke3 Re1+ 0-1